LEADER 01330nam a2200301 u 4500 001 000000116254 003 CaOOAMICUS 005 20090616163203.0 008 090616s2009 it u000 u ita r 020 $z978-88-04-58346-2* 040 $aPUL$bita$dLDB 041 0 $aita$hara 245 02$aI detti islamici di Gesł /$ca cura di Sabino Chialą ; traduzione di Ignazio De Francesco. 260 $aRoma :$bFondazione Lorenzo Valla ;$aMilano :$bMondadori,$c2009. 300 $alix, 444 p. ;$c22 cm. 490 1 $aScrittori greci e latini 504 $aBibliografia: p. [xlv]-lix. 600 04$aIesus Christus$xDetti.$0(OLS)http://pul/subject/2241 700 1 $aChialą, Sabino.$0(OLS)http://pul/name/64543 700 1 $aDe Francesco, Ignazio.$0(OLS)http://pul/name/39209 830 0$aScrittori greci e latini.$0(OLS)http://pul/title/10625 850 $aPUL 852 $aPUL$W1$xDP1 Cons. Gen., Altre Classi 1$y22$m705 M 98$j133203$qStampati$B132229$CPULBib$Z2$F132229 $H110785 $82 941 1 $a8 996 $6020$z978-88-04-58346-2*$9(OLS)http://pul/number/141171 996 $6245$aI detti islamici di Gesł$9(OLS)http://pul/title/146097 996 $6260$aRoma :$bFondazione Lorenzo Valla$9(OLS)http://pul/publisher/51617 996 $6260$aMilano :$bMondadori$9(OLS)http://pul/publisher/50297 LEADER 01839nam a2200325 a 4500 001 000000172875 003 CaOOAMICUS 005 20191130091753.0 008 191130s2018 it u001 u ita r 020 $a978-88-14-22753-0 032 $aLibriCat 040 $aPUL$bita 082 04$a342.450852 100 1 $aTira, Alessandro.$0(OLS)http://pul/name/101972 245 10$aAlle origini del diritto ecclesiastico italiano : $bprolusioni e manuali tra istanze politiche e tecnica giuridica (1870-1915) / $cAlessandro Tira. 260 $aMilano :$bGiuffrč,$c©2018. 300 $aXX, 394 p. ;$c24 cm. 490 1 $aUniversitą degli Studi di Milano. Facoltą di Giurisprudenza. Pubblicazioni del Dipartimento di scienze giuridiche Cesare Beccaria ;$v13 504 $aBibliografia in nota. 650 4$aDiritto ecclesiastico$zItalia$ySec. XIX-XX.$0(OLS)http://pul/subject/46182 710 2 $aUniversitą degli studi di Milano.$bFacoltą di Giurisprudenza.$bDipartimento di scienze giuridiche "Cesare Beccaria".$0(OLS)http://pul/name/108696 830 0$aPubblicazioni del Dipartimento di scienze giuridiche "Cesare Beccaria" (Universitą degli studi di Milano. Facoltą di giurisprudenza) ;$v13.$0(OLS)http://pul/title/209183 850 $aPUL 852 $aPUL$W1$xSL Diritto e Scienze Sociali 3$y79$m342. 450852 TIRAL 1$j196864$qDDC 21$B201624$CPULBib$Z2$F201624 $H133731 $82 941 1 $a9 996 $6020$a978-88-14-22753-0$9(OLS)http://pul/number/166896 996 $6082$a342.450852$9(OLS)http://pul/classification/1766 996 $6245$aAlle origini del diritto ecclesiastico italiano : $bprolusioni e manuali tra istanze politiche e tecnica giuridica (1870-1915) / $9(OLS)http://pul/title/213908 996 $6260$aMilano :$bGiuffrč$9(OLS)http://pul/publisher/48401